书目信息 |
| 题名: |
保险营销员培训教程
|
|
| 作者: | 国宁 , 章银武 编著 | |
| 分册: | ||
| 出版信息: | 北京 中国商业出版社 2003.09 |
|
| 页数: | 12, 480页 | |
| 开本: | 21cm | |
| 丛书名: | ||
| 单 册: | ||
| 中图分类: | F840.4 | |
| 科图分类: | ||
| 主题词: | 保险业--bao xian ye--市场营销学--技术培训--教材 | |
| 电子资源: | ||
| ISBN: | 7-5044-4874-5 | |
| 000 | 00958nam0 2200241 450 | |
| 001 | 012008980749 | |
| 005 | 20080424200040.64 | |
| 010 | @a7-5044-4874-5@dCNY29.80 | |
| 100 | @a20080424d2003 km y0chiy0120 ea | |
| 101 | 0 | @achi |
| 102 | @aCN@b110000 | |
| 105 | @ay b 000yy | |
| 106 | @ar | |
| 200 | 1 | @a保险营销员培训教程@ABao Xian Ying Xiao Yuan Pei Xun Jiao Cheng@f国宁, 章银武编著@FGuo Ning, Zhang Yin Wu Bian Zhu |
| 210 | @a北京@c中国商业出版社@d2003.09 | |
| 215 | @a12, 480页@d21cm | |
| 330 | @a本书内容包括:优秀的保险营销人员应具务的素质;成为保险营销高手应具务的技巧;拓展保户应具备的方法;激发保户对保险的兴趣和购买欲望的洽谈技巧;改善自己的思维技巧;克服拒绝的最佳方法,保险促成的技巧;保险售后服务技巧。 | |
| 606 | 0 | @a保险业@Abao xian ye@x市场营销学@x技术培训@j教材 |
| 690 | @aF840.4@v4 | |
| 701 | 0 | @a国宁@AGuo Ning@4编著 |
| 701 | 0 | @a章银武@AZhang Yin Wu@4编著 |
| 801 | 0 | @aCN@bQSSK@c20080424 |
| 905 | @b20704580-82@dF840.4@eG940@f3 | |
| 保险营销员培训教程/国宁, 章银武编著.-北京:中国商业出版社,2003.09 |
| 12, 480页;21cm |
| ISBN 7-5044-4874-5:CNY29.80 |
| 本书内容包括:优秀的保险营销人员应具务的素质;成为保险营销高手应具务的技巧;拓展保户应具备的方法;激发保户对保险的兴趣和购买欲望的洽谈技巧;改善自己的思维技巧;克服拒绝的最佳方法,保险促成的技巧;保险售后服务技巧。 |
| ● |
| 相关链接 |
|
|
|
正题名:保险营销员培训教程
索取号:F840.4/G940
 
预约/预借
| 序号 | 登录号 | 条形码 | 馆藏地/架位号 | 状态 | 备注 |
| 1 | 704580 | 207045801 | 社科库409/409社科库 55排2列1层/ [索取号:F840.4/G940] | 在馆 | |
| 2 | 704581 | 207045810 | 社科库409/422社科库 33排4列3层/ [索取号:F840.4/G940] | 在馆 | |
| 3 | 704582 | 207045829 | 社科库409/409社科库 55排2列1层/ [索取号:F840.4/G940] | 在馆 |